[Event "Torneio de ELITE B da AXL 2013_2014"]
[Site "axlisboa.weebly.com"]
[Date "2014.??.??"]
[Round "1.1"]
[White "Marques, Pedro J S L Godinho"]
[Black "Martins, Andre G Gomes Brito"]
[Result "1/2-1/2"]
[WhiteElo "1908"]
[BlackElo "1954"]
[PlyCount "149"]
[EventDate "2014.09.17"]

1. d4 Nf6 2. Nf3 g6 3. Bf4 Bg7 4. Nbd2 O-O 5. h3 d6 6. e4 c6 7. Bd3 Nbd7 8. Qe2
Nh5 9. Bg5 h6 10. g4 Ng3 11. fxg3 hxg5 12. Qe3 e5 13. c3 exd4 14. cxd4 c5 15.
Qxg5 Qxg5 16. Nxg5 Bxd4 17. Nc4 Ne5 18. Ke2 Nxd3 19. Kxd3 Bf6 20. Nf3 Rd8 21.
Kc2 Be6 22. Ne3 d5 23. exd5 Bxd5 24. Nxd5 Rxd5 25. Rad1 Rad8 26. Rxd5 Rxd5 27.
b3 Be7 28. Kc3 b5 29. Re1 Kf8 30. a4 a6 31. axb5 axb5 32. Re3 Bd6 33. Nd2 Be5+
34. Kc2 Bd4 35. Rf3 Re5 36. Kd3 Re1 37. b4 Rh1 38. h4 Rc1 39. bxc5 Bxc5 40. Nb3
Rc4 41. Nxc5 Rxc5 42. Kd4 Rc4+ 43. Ke5 Rxg4 44. Kf6 Ra4 45. h5 Ra6+ 46. Kg5
gxh5 47. Kxh5 Rb6 48. Rb3 b4 49. Kg5 Kg7 50. Kf5 Rb5+ 51. Kf4 Kf6 52. g4 Ke6
53. Ke4 f6 54. Kd4 Kd6 55. Rf3 Ke6 56. Rb3 Rg5 57. Rg3 Rb5 58. Rb3 Kf7 59. Ke4
Kg7 60. Kf3 Kh6 61. Kf4 Kg6 62. Kf3 Kg5 63. Kg3 Rb6 64. Kf3 Kh4 65. Kf4 Rb5 66.
Rb1 Kh3 67. Kf3 Kh2 68. Rb2+ Kh3 69. Rb1 Kh4 70. Kf4 Kh3 71. Kf3 Kh2 72. Rb2+
Kg1 73. Rb1+ Kh2 74. Rb2+ Kh3 75. Rb1 1/2-1/2

[Event "Torneio de ELITE B da AXL 2013_2014"]
[Site "axlisboa.weebly.com"]
[Date "2014.??.??"]
[Round "1.2"]
[White "Cadeirinhas, David Eduardo Lou"]
[Black "Fortunato, Antonio Eduardo Con"]
[Result "1-0"]
[WhiteElo "1850"]
[BlackElo "1708"]
[PlyCount "71"]
[EventDate "2014.09.17"]

1. c4 e5 2. Nc3 g6 3. g3 Bg7 4. Bg2 d6 5. d3 Be6 6. Nf3 Nc6 7. O-O Nge7 8. Rb1
O-O 9. b4 a6 10. a4 d5 11. Ng5 dxc4 12. Nxe6 fxe6 13. dxc4 Qxd1 14. Rxd1 Rfd8
15. Bg5 Kf7 16. Bxc6 bxc6 17. b5 cxb5 18. axb5 Rd4 19. bxa6 Rxc4 20. Rd7 Bf8
21. Nb5 Rxa6 22. Rbd1 h6 23. Bxe7 Bxe7 24. Rxc7 Rxc7 25. Nxc7 Rc6 26. Nb5 Bc5
27. Kg2 Be7 28. Kf3 Kf6 29. Rd7 Rc4 30. Nd6 Rd4 31. Ne4+ Kf7 32. Rb7 Rd5 33. h4
h5 34. Ng5+ Kf6 35. Rb6 Rd6 36. Ne4+ 1-0

[Event "Torneio de ELITE B da AXL 2013_2014"]
[Site "axlisboa.weebly.com"]
[Date "2014.??.??"]
[Round "1.3"]
[White "Garcia, Antonio Manuel Costa"]
[Black "Rocha, Manuel Fernando Teix"]
[Result "1/2-1/2"]
[WhiteElo "1906"]
[BlackElo "1873"]
[PlyCount "111"]
[EventDate "2014.09.17"]

1. d4 d5 2. c4 c6 3. Nc3 Nf6 4. Nf3 a6 5. c5 Bf5 6. Bf4 Nbd7 7. e3 e6 8. Be2
Be7 9. O-O h6 10. b4 O-O 11. a4 Nh5 12. Ne5 Nxf4 13. exf4 Qc7 14. Bd3 Bxd3 15.
Qxd3 Nxe5 16. fxe5 f6 17. Qg6 Qd7 18. f4 fxe5 19. fxe5 Bg5 20. Qd3 Rxf1+ 21.
Rxf1 Rf8 22. Rxf8+ Kxf8 23. g3 h5 24. Kg2 Qf7 25. b5 axb5 26. axb5 Qf5 27.
Qxf5+ exf5 28. bxc6 bxc6 29. Kf3 Bd2 30. Na4 g5 31. Ke2 Ba5 32. Nb6 Ke8 33. Nc8
Kd7 34. Nd6 Ke6 35. Ne8 f4 36. Ng7+ Kf7 37. Nxh5 Kg6 38. Nf6 Bc3 39. Kd3 Be1
40. gxf4 gxf4 41. Ke2 Bc3 42. Kd3 Ba5 43. h4 Kf5 44. h5 Kg5 45. Ke2 Bc3 46. Kd3
f3 47. Ke3 Bxd4+ 48. Kxf3 Bxc5 49. Nd7 Be7 50. Nb8 c5 51. Nc6 Bf8 52. e6 Kxh5
53. e7 Bxe7 54. Nxe7 d4 55. Ke4 Kg5 56. Nc6 1/2-1/2

[Event "Torneio de ELITE B da AXL 2013_2014"]
[Site "axlisboa.weebly.com"]
[Date "2014.??.??"]
[Round "1.4"]
[White "Reis, Luis Simoes Dos"]
[Black "Manuel, Marco Humberto Ameri"]
[Result "1-0"]
[WhiteElo "1898"]
[BlackElo "1760"]
[PlyCount "101"]
[EventDate "2014.09.17"]

1. e4 d6 2. d4 Nf6 3. Nc3 g6 4. Be3 c6 5. Qd2 b5 6. Bd3 Ng4 7. Bg5 f6 8. Bf4 e5
9. Be3 Qb6 10. d5 Nxe3 11. Qxe3 Qxe3+ 12. fxe3 b4 13. Nb1 Bb7 14. c4 Bh6 15.
Ke2 Nd7 16. Nd2 O-O 17. g4 Nc5 18. Nb3 Nxb3 19. axb3 Rfe8 20. Nf3 cxd5 21. cxd5
Bxd5 22. Bc4 Bf7 23. Rhd1 Bf8 24. Bd5 Bxd5 25. Rxd5 Rec8 26. Kd3 Rc5 27. Nd2
Kf7 28. Nc4 Ke6 29. Ra6 Rc7 30. Nxd6 Bxd6 31. Rdxd6+ Ke7 32. Re6+ Kd8 33. Rxf6
Rd7+ 34. Ke2 Ke8 35. Rfe6+ Re7 36. Rac6 Rd8 37. Rxe7+ Kxe7 38. Rc7+ Rd7 39.
Rxd7+ Kxd7 40. Kd3 Kc6 41. Kc4 a5 42. g5 Kb6 43. Kd5 Kb5 44. Kxe5 a4 45. bxa4+
Kxa4 46. Kd4 Kb3 47. e5 Kxb2 48. e6 b3 49. e7 Kc1 50. e8=Q b2 51. Qc6+ 1-0

[Event "Torneio de ELITE B da AXL 2013_2014"]
[Site "axlisboa.weebly.com"]
[Date "2014.??.??"]
[Round "1.5"]
[White "Figueiredo, Renato Freire"]
[Black "Aguiar, Carlos Alberto Branc"]
[Result "0-1"]
[WhiteElo "1769"]
[BlackElo "1775"]
[PlyCount "102"]
[EventDate "2014.09.17"]

1. d4 Nf6 2. Nc3 d6 3. e4 g6 4. Nf3 Bg7 5. Be2 O-O 6. O-O Nbd7 7. Bg5 h6 8. Bh4
Qe8 9. h3 a6 10. Qd2 e5 11. d5 g5 12. Bg3 Nc5 13. Bd3 Nh5 14. b4 Na4 15. Ne2
Nf4 16. h4 Qe7 17. hxg5 hxg5 18. Rac1 f5 19. c4 Nxe2+ 20. Qxe2 f4 21. Bh2 g4
22. Nd2 Qh4 23. c5 Rf6 24. g3 Qh3 25. gxf4 Rh6 26. f3 g3 27. Qg2 gxh2+ 28. Kh1
Qxg2+ 29. Kxg2 Bh3+ 30. Kh1 Bxf1 31. Nxf1 dxc5 32. bxc5 exf4 33. Nxh2 Kf7 34.
Kg2 Rah8 35. Ng4 Rh3 36. e5 Rg3+ 37. Kf2 Rxg4 38. fxg4 Bxe5 39. Kf3 Nc3 40. Bc4
Rh3+ 41. Kf2 Ne4+ 42. Ke2 Re3+ 43. Kf1 Nd2+ 44. Kf2 Nxc4 45. Rxc4 Rd3 46. Rb4
Rxd5 47. Rxb7 Rxc5 48. Ra7 Ra5 49. Kf3 Ke6 50. Ra8 Ra3+ 51. Ke4 Re3# 0-1

[Event "Torneio de ELITE B da AXL 2013_2014"]
[Site "axlisboa.weebly.com"]
[Date "2014.??.??"]
[Round "1.6"]
[White "Costa, Joao Luis Silva M Yu"]
[Black "Alves, Luis Miguel Guerreir"]
[Result "1-0"]
[WhiteElo "1690"]
[BlackElo "1779"]
[PlyCount "95"]
[EventDate "2014.09.17"]

1. Nf3 Nf6 2. d4 g6 3. g3 Bg7 4. Bg2 d6 5. c4 Nbd7 6. O-O O-O 7. Nc3 c6 8. e4
e5 9. d5 Nc5 10. Ne1 a5 11. Nd3 Nxd3 12. Qxd3 Qc7 13. h3 Nd7 14. Be3 Nc5 15.
Qd2 f5 16. Rad1 f4 17. gxf4 exf4 18. Bxf4 Rxf4 19. Qxf4 Be5 20. Qg5 Kg7 21. f4
Bf6 22. Qg3 Nd7 23. Rd2 Qb6+ 24. Kh1 Qb4 25. dxc6 bxc6 26. Rfd1 Ra7 27. Rxd6
Nb8 28. e5 Be7 29. R6d2 Qxc4 30. Be4 Qf7 31. Rg2 Bf5 32. Bxf5 Qxf5 33. Qg4 Qxg4
34. hxg4 Nd7 35. Ne4 Nc5 36. Nxc5 Bxc5 37. Rgd2 Ra6 38. Rd7+ Kg8 39. Rc7 Ra8
40. f5 Re8 41. f6 Rxe5 42. Rg7+ Kf8 43. Rxh7 g5 44. Rd8+ Re8 45. Rh8+ Kf7 46.
Rhxe8 Kxf6 47. Rc8 Kg7 48. Rxc6 1-0

[Event "Torneio de ELITE B da AXL 2013_2014"]
[Site "axlisboa.weebly.com"]
[Date "2014.??.??"]
[Round "2.1"]
[White "Martins, Andre G Gomes Brito"]
[Black "Alves, Luis Miguel Guerreir"]
[Result "1-0"]
[WhiteElo "1954"]
[BlackElo "1779"]
[PlyCount "79"]
[EventDate "2014.09.17"]

1. e4 Nf6 2. Nc3 d6 3. d4 g6 4. f3 Nbd7 5. Be3 Bg7 6. Qd2 e5 7. d5 a6 8. O-O-O
b5 9. g4 h5 10. g5 Nh7 11. Nge2 Nb6 12. b3 b4 13. Nb1 a5 14. h4 O-O 15. c4 bxc3
16. Nexc3 Bd7 17. a4 Qb8 18. Nb5 Rc8 19. N1c3 Nf8 20. Kb2 Be8 21. Ka2 Nfd7 22.
Na3 Qb7 23. Ncb5 Nb8 24. Qf2 Na6 25. Bxb6 Nb4+ 26. Kb1 cxb6 27. Nxd6 Qc7 28.
Nxc8 Rxc8 29. Bc4 Bf8 30. Qd2 Nxd5 31. exd5 Bxa3 32. d6 Qd7 33. Qd3 Rd8 34.
Qxg6+ Kf8 35. Qxh5 Bxd6 36. Qh8+ Ke7 37. Qf6+ Kf8 38. g6 Qc7 39. g7+ Kg8 40.
Qh6 1-0

[Event "Torneio de ELITE B da AXL 2013_2014"]
[Site "axlisboa.weebly.com"]
[Date "2014.??.??"]
[Round "2.2"]
[White "Aguiar, Carlos Alberto Branc"]
[Black "Costa, Joao Luis Silva M Yu"]
[Result "0-1"]
[WhiteElo "1775"]
[BlackElo "1690"]
[PlyCount "98"]
[EventDate "2014.09.17"]

1. e4 c5 2. Nf3 d6 3. d4 cxd4 4. Nxd4 Nf6 5. Nc3 a6 6. Bg5 e6 7. f4 Qc7 8. Qf3
Nbd7 9. O-O-O b5 10. Bxf6 Nxf6 11. g4 Bb7 12. Bd3 Rc8 13. Rhe1 Nd7 14. Kb1 Nb6
15. f5 e5 16. Nb3 Be7 17. Qe3 h6 18. Qf2 Nc4 19. Bxc4 bxc4 20. Nc1 O-O 21. N1e2
Rfd8 22. Nd5 Bxd5 23. Rxd5 Rb8 24. c3 Rb7 25. Red1 Rdb8 26. R1d2 f6 27. Ng1 a5
28. Rc2 a4 29. a3 Qc6 30. Kc1 Bd8 31. Qd2 Bb6 32. Nf3 Bc5 33. Kd1 Qb6 34. Ke2
Qb3 35. h4 Qxc2 36. Qxc2 Rxb2 37. Rd2 Rxc2 38. Rxc2 Rb3 39. Nd2 Rxa3 40. Nxc4
Ra1 41. Nd2 Rh1 42. h5 Rh2+ 43. Kf3 Rf2+ 44. Kg3 Be3 45. Ra2 Rxd2 46. Rxa4 Rd3
47. Ra8+ Kh7 48. c4 Bc5+ 49. Kg2 Re3 0-1

[Event "Torneio de ELITE B da AXL 2013_2014"]
[Site "axlisboa.weebly.com"]
[Date "2014.??.??"]
[Round "2.3"]
[White "Manuel, Marco Humberto Ameri"]
[Black "Figueiredo, Renato Freire"]
[Result "0-1"]
[WhiteElo "1760"]
[BlackElo "1769"]
[PlyCount "136"]
[EventDate "2014.09.17"]

1. e4 c5 2. Nf3 e6 3. d4 cxd4 4. Nxd4 Nf6 5. e5 Qa5+ 6. c3 Qxe5+ 7. Be3 Nd5 8.
Nc2 Bc5 9. Qe2 Nxe3 10. Nxe3 O-O 11. Nd2 Bxe3 12. fxe3 d5 13. O-O-O b5 14. Nf3
Qc7 15. Qxb5 Nd7 16. Bd3 Rb8 17. Qa4 Qb6 18. Qc2 Qxe3+ 19. Rd2 g6 20. Re1 Qb6
21. Nh4 e5 22. Bf1 Qa5 23. b4 Qa3+ 24. Qb2 Qxb2+ 25. Rxb2 Bb7 26. Bb5 Nf6 27.
Rxe5 Rfc8 28. Rc2 Ne4 29. Kb2 Rc7 30. Re8+ Rxe8 31. Bxe8 Nd6 32. Ba4 Re7 33.
Bb3 Re3 34. a4 Kg7 35. g3 f5 36. Ng2 Re5 37. Nf4 g5 38. Nd3 Re7 39. Nc5 Ba8 40.
Rd2 Ne4 41. Re2 Kf6 42. Nd3 Rc7 43. Rc2 Bb7 44. b5 Nc5 45. Nb4 Nxb3 46. Kxb3
Rd7 47. Rd2 h5 48. Rd4 Rd6 49. a5 f4 50. gxf4 g4 51. Nc2 Re6 52. Rd3 Re4 53.
Ne3 Ke6 54. f5+ Ke5 55. Nf1 h4 56. Re3 Kxf5 57. h3 g3 58. Rxg3 hxg3 59. Nxg3+
Kf4 60. Nxe4 dxe4 61. Kc2 Kf3 62. h4 e3 63. h5 Be4+ 64. Kb2 e2 65. h6 e1=Q 66.
h7 Bxh7 67. b6 Qb1+ 68. Ka3 axb6 0-1

[Event "Torneio de ELITE B da AXL 2013_2014"]
[Site "axlisboa.weebly.com"]
[Date "2014.??.??"]
[Round "2.4"]
[White "Rocha, Manuel Fernando Teix"]
[Black "Reis, Luis Simoes Dos"]
[Result "0-1"]
[WhiteElo "1873"]
[BlackElo "1898"]
[PlyCount "72"]
[EventDate "2014.09.17"]

1. e4 e6 2. d4 d5 3. e5 c5 4. c3 Nc6 5. Nf3 Bd7 6. a3 Nge7 7. b4 cxd4 8. cxd4
Nf5 9. Bb2 b5 10. Bd3 Be7 11. O-O Qb6 12. Bxf5 exf5 13. Nbd2 a5 14. bxa5 Nxa5
15. Bc3 O-O 16. Bb4 Bxb4 17. axb4 Nc6 18. Qb3 Be6 19. Qb2 Ra4 20. Rxa4 bxa4 21.
b5 Ra8 22. Rc1 Na5 23. Qb4 Nc4 24. Nxc4 dxc4 25. Qc5 Rb8 26. Rb1 h6 27. Ne1 a3
28. Qxa3 Qxd4 29. Nf3 Rxb5 30. Re1 Qb6 31. Qa1 Rb2 32. Rf1 c3 33. Kh1 Bc4 34.
Qa8+ Kh7 35. Qc8 Bxf1 36. Nh4 Bxg2+ 0-1

[Event "Torneio de ELITE B da AXL 2013_2014"]
[Site "axlisboa.weebly.com"]
[Date "2014.??.??"]
[Round "2.5"]
[White "Fortunato, Antonio Eduardo Con"]
[Black "Garcia, Antonio Manuel Costa"]
[Result "0-1"]
[WhiteElo "1708"]
[BlackElo "1906"]
[PlyCount "64"]
[EventDate "2014.09.17"]

1. e4 c5 2. Nc3 e6 3. g3 Nc6 4. Bg2 g6 5. d3 Bg7 6. Be3 d6 7. Qd2 Nge7 8. Bh6
O-O 9. Bxg7 Kxg7 10. f4 f5 11. Nf3 e5 12. fxe5 dxe5 13. O-O Rb8 14. Qg5 h6 15.
Qd2 Be6 16. Rae1 f4 17. gxf4 Rxf4 18. Ne2 Rf8 19. a3 Qd7 20. Qc3 Qd6 21. Rf2
Nd4 22. Ref1 Bg4 23. b4 Bxf3 24. Bxf3 Rxf3 25. bxc5 Nxe2+ 26. Rxe2 Rxf1+ 27.
Kxf1 Rf8+ 28. Ke1 Qf6 29. Qb2 Nc6 30. Qxb7+ Rf7 31. Qb2 Qf1+ 32. Kd2 Nd4 0-1

[Event "Torneio de ELITE B da AXL 2013_2014"]
[Site "axlisboa.weebly.com"]
[Date "2014.??.??"]
[Round "2.6"]
[White "Marques, Pedro J S L Godinho"]
[Black "Cadeirinhas, David Eduardo Lou"]
[Result "1/2-1/2"]
[WhiteElo "1908"]
[BlackElo "1850"]
[PlyCount "113"]
[EventDate "2014.09.17"]

1. e4 c5 2. Nf3 Nc6 3. d4 cxd4 4. Nxd4 g6 5. c4 Bg7 6. Be3 Nf6 7. Nc3 Ng4 8.
Qxg4 Nxd4 9. Qd1 Ne6 10. Qd2 h5 11. Be2 d6 12. O-O Bd7 13. Rfd1 Qa5 14. Rac1
Rc8 15. b3 g5 16. Nd5 Qxd2 17. Bxd2 Be5 18. Bc3 Bxc3 19. Rxc3 Nc5 20. Re3 f6
21. g3 h4 22. f4 hxg3 23. hxg3 gxf4 24. Nxf4 Ne6 25. Kg2 Nxf4+ 26. gxf4 Kf7 27.
f5 Bc6 28. Bd3 Rh5 29. Rf1 Rch8 30. Be2 Rh4 31. Re1 Bxe4+ 32. Bf3 Bxf3+ 33.
Kxf3 Rh3+ 34. Ke4 R8h4+ 35. Kd3 Rxe3+ 36. Kxe3 Rh2 37. Ra1 Kg7 38. Ke4 Kh6 39.
Kf4 Rh4+ 40. Kf3 Kg7 41. Ke3 Rh2 42. Kf3 Kf7 43. Kg3 Re2 44. Kf3 Re5 45. Kf4 e6
46. fxe6+ Kxe6 47. Rh1 Re2 48. Rh7 Rxa2 49. Rxb7 a5 50. Rb6 Rc2 51. Ra6 Rc3 52.
Rxa5 Rxb3 53. c5 Rb4+ 54. Ke3 dxc5 55. Rxc5 f5 56. Kf3 Kf6 57. Rc8 1/2-1/2

[Event "Torneio de ELITE B da AXL 2013_2014"]
[Site "axlisboa.weebly.com"]
[Date "2014.??.??"]
[Round "3.1"]
[White "Cadeirinhas, David Eduardo Lou"]
[Black "Martins, Andre G Gomes Brito"]
[Result "0-1"]
[WhiteElo "1850"]
[BlackElo "1954"]
[PlyCount "62"]
[EventDate "2014.09.17"]

1. c4 Nf6 2. Nc3 g6 3. g3 Bg7 4. Bg2 O-O 5. d4 d6 6. Nf3 Nbd7 7. O-O e5 8. e4
Re8 9. d5 Nc5 10. Qc2 a5 11. b3 Nh5 12. a3 f5 13. Bg5 Nf6 14. Nd2 h6 15. Bxf6
Qxf6 16. b4 axb4 17. axb4 Rxa1 18. Rxa1 Na6 19. Qa4 Rf8 20. Qb5 f4 21. Rf1 Qe7
22. Na4 b6 23. Rc1 Nb8 24. c5 Ba6 25. Qxa6 Nxa6 26. cxd6 cxd6 27. b5 Nc5 28.
Nxb6 fxg3 29. fxg3 Qg5 30. Nbc4 h5 31. Ra1 Qg4 0-1

[Event "Torneio de ELITE B da AXL 2013_2014"]
[Site "axlisboa.weebly.com"]
[Date "2014.??.??"]
[Round "3.2"]
[White "Garcia, Antonio Manuel Costa"]
[Black "Marques, Pedro J S L Godinho"]
[Result "0-1"]
[WhiteElo "1906"]
[BlackElo "1908"]
[PlyCount "112"]
[EventDate "2014.09.17"]

1. c4 e6 2. Nc3 d5 3. d4 c5 4. cxd5 exd5 5. Bf4 Nc6 6. e3 cxd4 7. exd4 Bd6 8.
Bg3 Nge7 9. Bb5 O-O 10. Nge2 Bg4 11. O-O Nf5 12. Qa4 Bxg3 13. hxg3 Bxe2 14.
Nxe2 Qb6 15. Bxc6 bxc6 16. b3 Rfe8 17. Rfe1 Re4 18. f3 Re3 19. g4 Nh4 20. Kf2
Rae8 21. Nf4 Rxe1 22. Rxe1 Rxe1 23. Kxe1 g5 24. Nh3 Nxg2+ 25. Kf2 Nf4 26. Nxf4
gxf4 27. Ke1 Kg7 28. Kd2 a6 29. Kc3 Kf6 30. Qa3 Ke6 31. Qc1 Qa5+ 32. Kb2 Qc7
33. Qe1+ Kf6 34. Qh4+ Kg6 35. Qh5+ Kg7 36. Qg5+ Kf8 37. Qh6+ Kg8 38. Qg5+ Kf8
39. Qh6+ Ke7 40. Qxh7 Qd6 41. Qh4+ Qf6 42. Qe1+ Qe6 43. Qb4+ Kf6 44. Qd2 Qe3
45. Qd1 Kg5 46. Ka3 Kh4 47. Kb4 Kg3 48. Kc5 Qxf3 49. Qg1+ Qg2 50. Qe1+ Kxg4 51.
Kxc6 f3 52. Qe5 f2 53. Qg7+ Kh3 54. Qh6+ Kg3 55. Qg5+ Kh2 56. Qh4+ Kg1 0-1

[Event "Torneio de ELITE B da AXL 2013_2014"]
[Site "axlisboa.weebly.com"]
[Date "2014.??.??"]
[Round "3.3"]
[White "Reis, Luis Simoes Dos"]
[Black "Fortunato, Antonio Eduardo Con"]
[Result "1/2-1/2"]
[WhiteElo "1898"]
[BlackElo "1708"]
[PlyCount "71"]
[EventDate "2014.09.17"]

1. d4 g6 2. Nf3 Bg7 3. e4 d5 4. e5 c5 5. c3 cxd4 6. cxd4 Nc6 7. Be3 Bg4 8. Be2
e6 9. h3 Bf5 10. Nc3 a6 11. g4 Be4 12. Nxe4 dxe4 13. Ng5 Qd5 14. Nxe4 Nxe5 15.
Ng3 Nc6 16. Bf3 Qd7 17. O-O Nge7 18. Rc1 O-O 19. Qa4 Bxd4 20. Bxd4 Qxd4 21.
Qxd4 Nxd4 22. Bxb7 Ra7 23. Bg2 f5 24. Rc4 Nb5 25. f4 Nc7 26. Re1 fxg4 27. hxg4
Ncd5 28. Rxe6 Nxf4 29. Rd6 Nxg2 30. Kxg2 Kg7 31. Ne4 a5 32. Nc5 Rf6 33. Rxf6
Kxf6 34. Ra4 Nc6 35. Nb3 Kg5 36. Kg3 1/2-1/2

[Event "Torneio de ELITE B da AXL 2013_2014"]
[Site "axlisboa.weebly.com"]
[Date "2014.??.??"]
[Round "3.4"]
[White "Figueiredo, Renato Freire"]
[Black "Rocha, Manuel Fernando Teix"]
[Result "0-1"]
[WhiteElo "1769"]
[BlackElo "1873"]
[PlyCount "110"]
[EventDate "2014.09.17"]

1. d4 d5 2. Nf3 Nf6 3. g3 Bf5 4. c4 c6 5. Bg2 e6 6. Qb3 Qb6 7. O-O dxc4 8. Qxc4
Nbd7 9. Nc3 Be7 10. Bf4 O-O 11. Na4 Qa5 12. Bd2 Qd5 13. Qxd5 cxd5 14. Rac1 Rac8
15. Nh4 Bg4 16. f3 Bh5 17. g4 Bg6 18. Nxg6 hxg6 19. b4 b6 20. g5 Nh5 21. e4
dxe4 22. fxe4 f6 23. Bh3 f5 24. Bg2 Nb8 25. d5 exd5 26. exd5 Bd6 27. a3 Rxc1
28. Rxc1 Nf4 29. Re1 Nxg2 30. Kxg2 Kf7 31. Nc3 a6 32. Re6 Rd8 33. Be3 b5 34.
Bc5 Bxc5 35. bxc5 Rxd5 36. Rb6 Rxc5 37. Ne2 Rc2 38. Kf3 Nc6 39. Rxa6 Ne5+ 40.
Ke3 Rb2 41. Ra7+ Ke6 42. Nf4+ Kd6 43. Ra6+ Kd7 44. Nxg6 Nxg6 45. Rxg6 Rxh2 46.
Rxg7+ Ke6 47. Kd4 Rh4+ 48. Kc5 Ra4 49. Rg6+ Ke5 50. Rb6 Rxa3 51. g6 Rg3 52. Kb4
f4 53. Rxb5+ Ke4 54. Rb6 f3 55. Kc3 f2+ 0-1

[Event "Torneio de ELITE B da AXL 2013_2014"]
[Site "axlisboa.weebly.com"]
[Date "2014.??.??"]
[Round "3.5"]
[White "Costa, Joao Luis Silva M Yu"]
[Black "Manuel, Marco Humberto Ameri"]
[Result "0-1"]
[WhiteElo "1690"]
[BlackElo "1760"]
[PlyCount "80"]
[EventDate "2014.09.17"]

1. d4 d5 2. Nf3 e6 3. g3 c5 4. Bg2 Nc6 5. O-O cxd4 6. Nxd4 Bc5 7. Nb3 Bb6 8.
N1d2 e5 9. c4 d4 10. c5 Bc7 11. Ne4 f5 12. Ng5 h6 13. Nf3 Nge7 14. e3 d3 15. e4
fxe4 16. Nh4 Qd5 17. Re1 O-O 18. Bxe4 Qf7 19. Be3 Rd8 20. Qd2 a5 21. Qd1 g5 22.
Ng2 Bf5 23. f3 a4 24. Nd2 Ba5 25. Rf1 Bxd2 26. Qxd2 Rab8 27. Rfd1 Nd4 28. Bxd4
Rxd4 29. Qe3 Nd5 30. Qf2 Bxe4 31. fxe4 Qxf2+ 32. Kxf2 Rf8+ 33. Kg1 Nf6 34. Re1
d2 35. Rf1 Nxe4 36. Rxf8+ Kxf8 37. Rd1 Nxc5 38. Kf2 Nd3+ 39. Ke3 Nxb2 40. Rxd2
Nc4+ 0-1

[Event "Torneio de ELITE B da AXL 2013_2014"]
[Site "axlisboa.weebly.com"]
[Date "2014.??.??"]
[Round "3.6"]
[White "Alves, Luis Miguel Guerreir"]
[Black "Aguiar, Carlos Alberto Branc"]
[Result "1-0"]
[WhiteElo "1779"]
[BlackElo "1775"]
[PlyCount "120"]
[EventDate "2014.09.17"]

1. Nf3 Nf6 2. g3 g6 3. Bg2 Bg7 4. O-O d6 5. d4 O-O 6. c4 c6 7. Nc3 Nbd7 8. Rb1
e5 9. d5 c5 10. Nb5 Ne8 11. e4 a6 12. Nc3 f5 13. Ng5 Ndf6 14. Ne6 Bxe6 15. dxe6
Qe7 16. exf5 gxf5 17. Bg5 e4 18. f3 Qxe6 19. Qe2 h6 20. Bh4 Nc7 21. fxe4 Nxe4
22. Nxe4 fxe4 23. Bxe4 Qe5 24. Qg4 Rae8 25. Rxf8+ Rxf8 26. Qg6 Qd4+ 27. Kg2
Rf2+ 28. Kh3 Qd2 29. Rh1 Qxb2 30. Bd8 d5 31. cxd5 Qe5 32. Bxc7 Qxc7 33. Qe8+
Rf8 34. Qg6 Rf6 35. Qh7+ Kf8 36. g4 Qf4 37. Rg1 b5 38. Rg3 Qf1+ 39. Bg2 Qf4 40.
Rf3 Qg5 41. Rg3 Qf4 42. Qd3 Qd4 43. Qa3 Kg8 44. Rd3 Qf2 45. Qa5 h5 46. Qd8+ Rf8
47. Qg5 hxg4+ 48. Qxg4 Rf6 49. Qc8+ Rf8 50. Qe6+ Kh8 51. d6 Bf6 52. Rg3 Qf4 53.
Bd5 Qf1+ 54. Kg4 Qd1+ 55. Rf3 Qd4+ 56. Kh3 Qh4+ 57. Kg2 Qg5+ 58. Rg3 Qd2+ 59.
Kh1 Qd1+ 60. Rg1 Qd2 1-0

[Event "Torneio de ELITE B da AXL 2013_2014"]
[Site "axlisboa.weebly.com"]
[Date "2014.??.??"]
[Round "4.1"]
[White "Martins, Andre G Gomes Brito"]
[Black "Aguiar, Carlos Alberto Branc"]
[Result "1-0"]
[WhiteElo "1954"]
[BlackElo "1775"]
[PlyCount "83"]
[EventDate "2014.09.17"]

1. e4 e5 2. Nf3 f5 3. d3 d6 4. g3 Nf6 5. Nc3 Be7 6. Bg2 fxe4 7. dxe4 Nc6 8. h3
O-O 9. Bg5 Be6 10. Qe2 h6 11. Be3 a6 12. Nh4 Nd4 13. Bxd4 exd4 14. Nd5 c6 15.
Nxe7+ Qxe7 16. Ng6 Qf7 17. Nxf8 Rxf8 18. b3 Nd7 19. O-O Nb6 20. Rad1 Re8 21.
Rxd4 d5 22. e5 c5 23. Rdd1 Qg6 24. Kh2 Bf5 25. c3 c4 26. Rfe1 Bd3 27. Qe3 Qe6
28. bxc4 Bxc4 29. Rb1 Nd7 30. Rxb7 Nxe5 31. Qd4 Qc6 32. Ra7 Qf6 33. Bxd5+ Bxd5
34. Qxd5+ Kh8 35. Kg2 Rf8 36. f4 Ng6 37. Qd4 Qc6+ 38. Kh2 Rg8 39. Rd7 Nf8 40.
Rd6 Qf3 41. Rxh6+ Nh7 42. Rxh7+ 1-0

[Event "Torneio de ELITE B da AXL 2013_2014"]
[Site "axlisboa.weebly.com"]
[Date "2014.??.??"]
[Round "4.2"]
[White "Manuel, Marco Humberto Ameri"]
[Black "Alves, Luis Miguel Guerreir"]
[Result "0-1"]
[WhiteElo "1760"]
[BlackElo "1779"]
[PlyCount "90"]
[EventDate "2014.09.17"]

1. e4 c5 2. Nf3 Nc6 3. d4 cxd4 4. Nxd4 d6 5. Be3 Nf6 6. f3 a6 7. a3 g6 8. Bc4
Bg7 9. Qd2 Qc7 10. Nxc6 Qxc6 11. Bb3 O-O 12. Nc3 e6 13. Bh6 Rb8 14. O-O-O Ne8
15. Bxg7 Kxg7 16. h4 h5 17. g4 Rh8 18. Qd4+ Kg8 19. Na4 b5 20. Nc3 Bb7 21. Ne2
Rc8 22. Ng3 Qc5 23. Qd2 hxg4 24. fxg4 Nf6 25. Qxd6 Qxd6 26. Rxd6 Nxg4 27. h5
Kg7 28. Rg1 Ne5 29. hxg6 Nxg6 30. Rb6 Rc7 31. Bxe6 fxe6 32. Rxe6 Kf7 33. Rb6
Ne7 34. e5 Rh2 35. Rf6+ Ke8 36. c3 Rc6 37. Re1 Nd5 38. Rxc6 Bxc6 39. Nf5 Nf4
40. Rd1 Ne2+ 41. Kd2 Ng3+ 42. Ke3 Nxf5+ 43. Kf4 Rf2+ 44. Kg5 Ne7 45. Rd6 Rf5+
0-1

[Event "Torneio de ELITE B da AXL 2013_2014"]
[Site "axlisboa.weebly.com"]
[Date "2014.??.??"]
[Round "4.3"]
[White "Rocha, Manuel Fernando Teix"]
[Black "Costa, Joao Luis Silva M Yu"]
[Result "0-1"]
[WhiteElo "1873"]
[BlackElo "1690"]
[PlyCount "106"]
[EventDate "2014.09.17"]

1. e4 c5 2. Nf3 d6 3. d4 cxd4 4. Nxd4 Nf6 5. Nc3 a6 6. Be2 Nbd7 7. Be3 Qc7 8.
O-O e6 9. f4 b5 10. Bf3 Bb7 11. a3 Nc5 12. e5 dxe5 13. Bxb7 Nxb7 14. fxe5 Qxe5
15. Bf4 Qxd4+ 16. Qxd4 Bc5 17. Qxc5 Nxc5 18. Be5 Ncd7 19. Bd6 O-O-O 20. a4 bxa4
21. Nxa4 Kb7 22. Rf3 Kc6 23. Be7 Rc8 24. Rc3+ Kb7 25. Rb3+ Kc6 26. Nc3 Ra8 27.
Ne2 Nd5 28. Nd4+ Kc7 29. Bh4 Nc5 30. Rba3 Kb7 31. b4 Ne4 32. c4 Nxb4 33. Rb1 a5
34. Be1 Kc7 35. Rf3 Rhf8 36. Re3 Nc5 37. Nb5+ Kd7 38. Rd1+ Ke7 39. Bg3 Nb7 40.
Bc7 f6 41. c5 Kf7 42. Rd7+ Kg8 43. Bd6 Rf7 44. Rc7 Nd5 45. Rxf7 Kxf7 46. Rh3 h6
47. c6 Nxd6 48. Nxd6+ Ke7 49. Nb7 a4 50. Rg3 a3 51. Rxg7+ Kf8 52. Rh7 Kg8 53.
Nc5 Kxh7 0-1

[Event "Torneio de ELITE B da AXL 2013_2014"]
[Site "axlisboa.weebly.com"]
[Date "2014.??.??"]
[Round "4.4"]
[White "Fortunato, Antonio Eduardo Con"]
[Black "Figueiredo, Renato Freire"]
[Result "1/2-1/2"]
[WhiteElo "1708"]
[BlackElo "1769"]
[PlyCount "113"]
[EventDate "2014.09.17"]

1. d4 d5 2. c4 c6 3. cxd5 cxd5 4. Nc3 Nf6 5. Bg5 e6 6. Rc1 Bd7 7. e3 Be7 8. Bd3
Nc6 9. Nf3 O-O 10. O-O Rc8 11. a3 h6 12. Bf4 Na5 13. Ne5 Nc4 14. Qe2 Nxe5 15.
dxe5 Nh7 16. Qc2 f5 17. exf6 Nxf6 18. Qb3 Bc6 19. Nb5 Qb6 20. Nd4 Qxb3 21. Nxb3
Nd7 22. Na5 Nc5 23. Be2 g5 24. Be5 Ne4 25. Nxc6 Rxc6 26. Rxc6 bxc6 27. f3 Bd6
28. Bd4 c5 29. fxe4 cxd4 30. exd4 dxe4 31. Rxf8+ Kxf8 32. g3 Bc7 33. Kf2 Bb6
34. Ke3 e5 35. Kxe4 Bxd4 36. b3 Kf7 37. b4 Ke6 38. g4 Bb2 39. a4 Kd6 40. h3 Bc3
41. b5 Kc5 42. a5 Bxa5 43. Kxe5 Be1 44. Kf6 Kd4 45. Kg6 Ke3 46. Bc4 Kf4 47.
Kxh6 Bc3 48. Kg6 Bd4 49. Kh5 Be3 50. h4 gxh4 51. Kxh4 Ke5 52. g5 Kd6 53. Kg4
Ke7 54. Kf5 Kf8 55. Kg6 Bd4 56. Kf5 Kg7 57. g6 1/2-1/2

[Event "Torneio de ELITE B da AXL 2013_2014"]
[Site "axlisboa.weebly.com"]
[Date "2014.??.??"]
[Round "4.5"]
[White "Marques, Pedro J S L Godinho"]
[Black "Reis, Luis Simoes Dos"]
[Result "1/2-1/2"]
[WhiteElo "1908"]
[BlackElo "1898"]
[PlyCount "24"]
[EventDate "2014.09.17"]

1. e4 e5 2. Nf3 Nc6 3. Bb5 a6 4. Ba4 Nf6 5. O-O Be7 6. Re1 b5 7. Bb3 d6 8. h3
O-O 9. c3 Re8 10. Ng5 Rf8 11. Nf3 Re8 12. Ng5 Rf8 1/2-1/2